| 000 | 00657nam a22002177a 4500 | ||
|---|---|---|---|
| 999 |
_c437 _d437 |
||
| 001 | 4363 | ||
| 003 | BD-DhUAP | ||
| 005 | 20200122123244.0 | ||
| 008 | 200122s1997 enka|||| |||| 001 0 eng d | ||
| 020 | _a0697343316 | ||
| 040 |
_aBD-DhUAP _bEng _cBD-DhUAP _dBD-DhUAP |
||
| 082 |
_223 _a150 SOU |
||
| 245 |
_aSources : _bnotable selections in psychology / _cedited by Terry F. Pettijohn. |
||
| 250 | _a2nd ed. | ||
| 260 |
_aGuilford, Conn. : _bDushkin/McGraw-Hill, _cc1997. |
||
| 300 |
_axiv, 336 pages : _billustrations ; _c24 cm. |
||
| 500 | _aIncludes index. | ||
| 650 |
_aPsychology _vHistory _xSources. |
||
| 700 | _aPettijohn, Terry F. | ||
| 942 |
_2ddc _cBK |
||